000 01269 a2200229 4500
005 20080911101442.0
008 080911t xxu||||| |||| 00| 0 hin d
010 _aHIN-80526
020 _c50.00
035 _aHN-52872
037 _bD.B.Act / pub
082 _a821.092
100 _aरेशमा भारती
245 _aसुभद्रा कुमारी चौहानःसाहस,स्नेह और संवेदना की अमिट निशानी
_cरेशमा भारती तथा मधु डोगरा
246 _aSubhdra Kumari Chunhan
_bby Reshma Bharti&Madhu Dogara
260 _aनई दिल्ली
_bभारत डोगरा
_c2006
270 _aसोशल चेंज पेपर्स,सी-27, रक्षा कुंज, पश्चिम विहार
_bनई दिल्ली
_e110063
_k25255303
300 _a67पृ
_c20सेमी(अजिल्द)
700 _aडोगरा, मधु
942 _adpl
_cHN
_k821.092 / रेशमा
_2ddc
_h821.092
_mरेशमा
999 _c6051
_d6051